000 00415nam a2200181Ia 4500
001 691
005 20260306140536.0
008 260306t2008||||xx |||||||||||||| ||spa||
041 _aESP
082 _a135.43094
_bY37
100 _aYates, Frances A.
_eAUT
245 0 _aEl iluminismo rosacruz
260 _c2008
300 _a356 páginas :
_c21 cm.
650 _aGEN
654 _aCHU
942 _cLIB
_dJUS
_fJUS
_2ddc
_n
999 _c691
_d691